| 000 | 01107cam a22003131 4500 | ||
|---|---|---|---|
| 001 | 16498 | ||
| 003 | BD-RjUL | ||
| 005 | 20211209000021.0 | ||
| 008 | 140213s1952 fr bck 001 0 fre | ||
| 035 | _a(BD-RjUL)16553 | ||
| 040 |
_aDLC _cDLC _dDLC _dBD-RjUL _beng |
||
| 041 | 0 | _afreeng | |
| 082 | 0 | 0 |
_a789.913 _bINC 1952 |
| 110 | 2 |
_aInternational Commission on Folk Arts and Folklore. _951004 |
|
| 245 | 0 | 0 |
_aCollection Phonothèque nationale, (Paris) : _bCatalogue / |
| 260 |
_aParis : _bUNESCO, _cc1952. |
||
| 300 |
_a254 p. ; _c24 cm. |
||
| 500 | _aFrench and English. | ||
| 500 | _aIncludes the collection of the Musée de la parole of the Université de Paris. | ||
| 504 | _aincludes index. | ||
| 650 | 0 |
_aFolk music _xDiscography. _950990 |
|
| 650 | 0 |
_aFolk songs _xDiscography. _950991 |
|
| 710 | 2 |
_aPhonothèque nationale (France) _950992 |
|
| 710 | 1 |
_aParis. _bUniversité. _bMusée de la parole. _950993 |
|
| 942 |
_2ddc _cBK |
||
| 999 |
_c16498 _d16498 |
||